000 00448nam a2200181Ia 4500
001 54211
008 140505s9999 xx 000 0 und d
020 _aNA
040 _cPK-LaUMT
082 _a 348.5491022
_bLAN-M
100 _aLangan, P.St. J.
245 _aMaxwell on the interpretation of statutes
_cLangan, P.St. J.
250 _a12th
260 _aBombay,India:
_bN. M. Tripathi,
_cNA
300 _a346 p.
546 _aEN
942 _cBK
999 _c51619
_d51619